The cultural heritage of the Kladno industrial agglomeration /

Main Author: Matěj, Miloš, 1960-
Other Authors: Hopkinson, Christopher, 1973-
Language: English
Published: Ostrava : Národní památkový ústav, 2017
Subjects:
Physical Description: 335 stran, 12 nečíslovaných stran obrazových příloh : ilustrace (převážně barevné), mapy, plány ; 24 cm
Book
Saved in:
LEADER 02689nam a2200649 i 4500
001 nkc20203214721
003 CZ PrNK
005 20200820121334.0
007 ta
008 200409s2017 xr abeff 000 0 eng
015 |a cnb003214721 
020 |a 978-80-85034-99-8  |q (vázáno) 
035 |a (OCoLC)1200256760 
040 |a BOA001  |b cze  |d ABA001  |e rda 
041 1 |a eng  |h cze 
043 |a e-xr---  |b e-xr-st  |2 czenas 
045 |a w-x- 
072 7 |a 622  |x Hornictví  |2 Konspekt  |9 19 
080 |a 622  |2 MRF 
080 |a 669  |2 MRF 
080 |a 622(091)  |2 MRF 
080 |a 669(091)  |2 MRF 
080 |a 930.85:338.45  |2 MRF 
080 |a (437.312)  |2 MRF 
080 |a (048.8:082)  |2 MRF 
100 1 |a Matěj, Miloš,  |d 1960-  |7 jo2004249802  |4 aut 
240 1 0 |a Kulturní dědictví kladenské průmyslové aglomerace.  |l Anglicky 
245 1 4 |a The cultural heritage of the Kladno industrial agglomeration /  |c Miloš Matěj et al. ; translation: Christopher Hopkinson 
264 1 |a Ostrava :  |b Národní památkový ústav,  |c 2017 
300 |a 335 stran, 12 nečíslovaných stran obrazových příloh :  |b ilustrace (převážně barevné), mapy, plány ;  |c 24 cm 
336 |a text  |b txt  |2 rdacontent 
337 |a bez média  |b n  |2 rdamedia 
338 |a svazek  |b nc  |2 rdacarrier 
500 |a Přeloženo z češtiny 
504 |a Obsahuje bibliografii a bibliografické odkazy 
648 7 |a 19.-20. století  |7 ch757015  |2 czenas 
650 0 7 |a hornictví  |7 ph114693  |z Česko  |y 19.-20. století  |2 czenas 
650 0 7 |a metalurgie  |7 ph115267  |z Česko  |y 19.-20. století  |2 czenas 
650 0 7 |a dějiny hornictví  |7 ph488941  |z Česko  |y 19.-20. století  |2 czenas 
650 0 7 |a dějiny metalurgie  |7 ph516947  |z Česko  |y 19.-20. století  |2 czenas 
650 0 7 |a průmyslové dědictví  |7 ph816327  |z Česko  |2 czenas 
650 0 9 |a mining  |z Czechia  |y 19th-20th centuries  |2 eczenas 
650 0 9 |a metallurgy  |z Czechia  |y 19th-20th centuries  |2 eczenas 
650 0 9 |a history of mining  |z Czechia  |y 19th-20th centuries  |2 eczenas 
650 0 9 |a history of metallurgy  |z Czechia  |y 19th-20th centuries  |2 eczenas 
650 0 9 |a industrial heritage  |z Czechia  |2 eczenas 
651 7 |a Kladno (Česko : oblast)  |7 ge129577  |2 czenas 
651 9 |a Kladno Region (Czechia)  |2 eczenas 
655 7 |a kolektivní monografie  |7 fd501537  |2 czenas 
655 9 |a collective monographs  |2 eczenas 
700 1 |a Hopkinson, Christopher,  |d 1973-  |7 ola2006345502  |4 trl 
910 2 |a BOA001  |b 2-1450.229 
928 9 |a Národní památkový ústav, územní odborné pracoviště v Ostravě 
990 |a BK 
995 |a 01 
991 |b 202007  |c NOV 
996 6 |b 2610829334  |c 2-1450.229  |l MZK  |r Sklad / do 1 hodiny  |n 0  |p p.v.  |w 001811387  |u 000010  |a 1  |e BOA001  |j MZK50  |s P